Missing Word: Sun & Moon Quiz Stats

 Plays Quiz Updated Dec 3, 2012

     
Support Sporcle.
Go Orange.
Score 0/22 Timer 03:00
1 Play Today
Clue Missing Word % Correct
Here ____ the SunComes
98.9%
3rd _____ from the SunRock
86.7%
Bad Moon _______Rising
79.1%
It's Always Sunny in _______Philadelphia
76.9%
Twilight: ____ MoonNew
69.5%
The Sun _____ RisesAlso
66.3%
______ SunsPhoenix
61.9%
Moonlight _______Sonata
60.6%
Transformers: ___ of the MoonDark
50.3%
Moon _____River
49.5%
Black _____ SunHole
46.2%
Clue Missing Word % Correct
A _____ in the SunRaisin
42.5%
_____ of the SunEmpire
34.2%
Moonrise _____Kingdom
33.5%
Sun ____Tzu
31.6%
____ Ki-MoonBan
27.6%
_____ on the MoonWalking
25.7%
______ MoonSailor
23.7%
_____ in the SunBlister
22.6%
A Thousand _____ SunsSplendid
20%
Moon _____Knight
6.9%
The Moon and ______Sixpence
6.6%

Today's Daily Dose

From the Vault

Countries by Penultimate Letter

by Fusty

These penultimate letters refuse to let those final letters have all the fun.
Remove Ads.
Support Sporcle.
Get the best of Sporcle when you Go Orange. This ad-free experience offers more features, more stats, and more fun while also helping to support Sporcle. Thank you for becoming a member.

Show Comments

Extras

Top Quizzes Today


Score Distribution

Your Account Isn't Verified!

In order to create a playlist on Sporcle, you need to verify the email address you used during registration. Go to your Sporcle Settings to finish the process.

Report this User

Report this user for behavior that violates our Community Guidelines.

Details: